Euroopan 10 itäisintä valtiota - Statistics

Yleistilastot
  • Tätä visaa on pelattu 2 903 kertaa
  • Keskiarvotulos 9 / 10
Vastaustilastot
Pituuspiiri Valtio % Oikein
69°02′E Venäjä
98%
40°15'E Ukraina
96%
32°46'E Valko-Venäjä
93%
31°35'E Suomi
91%
29°40'E Romania
90%
30°10'E Moldova
85%
28°36'E Bulgaria
84%
29°38'E Kreikka
84%
28°15'E Latvia
84%
33°30'E Norja
64%
Ehtoja vastaavia visoja ei löytynyt
Tulosjakauma
Jokaisen tuloksen saaneiden osuus
Persentiili vastausten määrän mukaan
Tuloshistoriasi
Et ole pelannut tätä visaa